Science Quiz

Random Science or Animal Quiz

Mammals by Ear Close-Up Quiz Stats

 Plays Quiz Updated Nov 13, 2015

Challenge
Share
Tweet
Score 0/20 Timer 03:00
3 Plays Today
Mammal % Correct
African elephant
99.5%
Tiger
96.6%
Pig
95.7%
Rabbit
95.1%
Polar bear
94.6%
Giraffe
93.6%
Giant panda
92.5%
Hippopotamus
91.8%
Cat
91.4%
Chimpanzee
90.8%
Mammal % Correct
Lion
88.4%
Cow
87%
River otter
84.5%
Horse
82.4%
Armadillo
74.5%
Bat
73.8%
Wood mouse
72.5%
Fennec fox
57.8%
Chipmunk
30%
Camel
24.9%

You're not logged in!

Compare scores with friends on all Sporcle quizzes.
OR
Log In

You Might Also Like...

Show Comments

Extras

Top Quizzes Today


Score Distribution

Your Account Isn't Verified!

In order to create a playlist on Sporcle, you need to verify the email address you used during registration. Go to your Sporcle Settings to finish the process.

Report this User

Report this user for behavior that violates our Community Guidelines.

Details: